| 000 | 01887cam a22004934i 4500 | ||
|---|---|---|---|
| 003 | PE-LiUPU | ||
| 005 | 20250731173346.0 | ||
| 008 | 150706s2009 sp rb 000 0 spa d | ||
| 020 | _a9788481699395 | ||
| 035 | _a(Sirsi) i9788481699395 | ||
| 040 |
_aPE-LiUPU _bspa _cPE-LiUPU _erda |
||
| 049 | _aPRUA | ||
| 082 | 0 | 4 |
_a266 _bB42 _221 |
| 100 | 1 |
_aBevans, Stephen B., _eautor. |
|
| 245 | 1 | 0 |
_aTeología para la misión hoy : _bconstantes en contexto / _cStephen B. Bevans y Roger P. Schroeder. |
| 264 | 1 |
_aEstella, Navarra, (España) : _bVerbo Divino, _c2009. |
|
| 300 |
_a797 páginas ; _c22 centímetros |
||
| 336 |
_atext _2rdacontent |
||
| 337 |
_aunmediated _2rdamedia |
||
| 338 |
_avolume _2rdacarrier |
||
| 504 | _aIncluye notas bibliográficas. | ||
| 505 | 0 | _aConstantes en contexto fundamentos Bíblicos-Teológicos -- Constantes en contexto Modelos históricos de la misión -- Constantes en contexto Teología para la misión de hoy. | |
| 526 | _aSEG42 | ||
| 526 | _aSEG41 | ||
| 526 | _aSEG40 | ||
| 526 | _aSEG39 | ||
| 526 | _aP94 | ||
| 526 | _aP87 | ||
| 526 | _aP86 | ||
| 526 | _aP85 | ||
| 526 | _aP77 | ||
| 526 | _aP76 | ||
| 526 | _aP35 | ||
| 541 | _g024-0003498; | ||
| 650 | 0 | 4 |
_aEvangelización _xHistoria de las doctrinas. |
| 650 | 0 | 4 | _aMisión de la Iglesia. |
| 700 | 1 |
_aSchroeder, Roger P., _eautor. |
|
| 910 |
_agl _bjv _cng _d20091210 |
||
| 942 |
_2ddc _cBOOK |
||
| 949 |
_a266 B42 _wDEWEY _c1 _i60787 _d2016-10-13 _e2016-10-10 _lCCODEBUL1 _mBUL _n1 _p35.00 _r0 _sY _tBOOK _u2015-7-6 _xTEOLOGIA _zUNKNOWN _0COMPRA _o.STAFF. Colección Teología |
||
| 994 |
_aC0 _bPEPRU |
||
| 596 | _a1 | ||
| 999 |
_a266 B42 _wDEWEY _c50165 _i60787 _d50165 _e2017-10-23 _f2021-11-10 _g5 _lCCODEBUL1 _mBUL _n2 _p35.00 _q1 _r0 _sY _tBOOK _u2015-7-6 _xTEOLOGIA _PP35 _0COMPRA _o.STAFF. Colección Teología |
||
| 980 |
_81 _gALBERTO SANCHEZ Responsable de Automatización |
||